Srbsko

Srbsko - fyzicko-geografická charakteristika. História a priestorový vývoj Srbska. Obyvateľstvo a demografické štruktúry. Srbská ekonomika - z bodu mrazu na výslnie regiónu. Slováci vo Vojvodine

Uložené v:
Podrobná bibliografia
Hlavný autor: Novotný, Ladislav
Médium: Kapitola
Jazyk:Slovak
Predmet:
Tagy: Pridať tag
Žiadne tagy, Buďte prvý, kto otaguje tento záznam!

MARC

LEADER 00000naa$a2200000$$$4500
001 0085413
005 20231127085046.0
041 0 |a slo 
044 |a SK 
245 1 0 |a Srbsko  |c Ladislav Novotný 
520 |a Srbsko - fyzicko-geografická charakteristika. História a priestorový vývoj Srbska. Obyvateľstvo a demografické štruktúry. Srbská ekonomika - z bodu mrazu na výslnie regiónu. Slováci vo Vojvodine 
610 2 0 |a Srbsko 
610 2 0 |a informácie geografické 
610 2 0 |a geografia 
610 2 0 |a história 
610 2 0 |a obyvateľstvo 
610 2 0 |a hospodárstvo národné 
100 1 |a Novotný, Ladislav